000 00253nam a2200133Ia 4500
100 _aVladimirov V.
942 _cBK
654 _amoulds
245 _aDIes
260 _bMir Publishers
_c1972
082 _a621.9
300 _a468
546 _aENGLISH
999 _c20571
_d20571